000 00879nab a2200241u 4500
001 22899
003 HDC
007 c| |||a|c|aaaa
008 210310b20100419my ||||o |||| 00| 0 eng d
040 _aHDC
100 _aTengku Noor Shamsiah Tengku Abdullah /
_eauthor
_914610
245 0 _aFrance's Atelier To Use Malaysia As Hub For Halal Perfume Products /
_cTengku Noor Shamsiah Tengku Abdullah
336 _atext
_2rdacontent
337 _acomputer
_2rdamedia
338 _aonline resource
_2rdacarrier
650 _aAtelier des parfums
_919643
650 _aMalaysia International Halal Showcase (MIHAS)
_98238
710 _aBernama
856 _zRequest full-text at [email protected]
942 _2lcc
942 _cNEWS
942 _kNWS0 005074
999 _c20215
_d20215